000 00767nam a2200205Ia 4500
003 GCL
008 140319s9999 xx 000 0 ara d
020 _a9644977
040 _aGCL /
_cGCL
082 0 4 _a954
_bب ت
100 1 _aالبيرونى , ابوالريحان محمد بن
245 1 0 _aتحقيق ماللهند من مقولة مقبولة فى العقل او مرذولة /
_cالبيرونى , ابوالريحان محمد بن
260 _aالقاهرة :
_bالهيئة العامة لقصور الثقافة ،
_c2003
300 _a548 ص ؛
_c24 سم
490 _aالذخائر
_v109
650 0 4 _aالهند
650 0 4 _aالمسلمون فى الهند
650 0 4 _aالهند - تاريخ - حروب السيخ
942 _2ddc
_cBK
999 _c32922
_d32922